[Event "POHÁR města Říčany 2023"]
[Site "Městské kulturní středisko U labutě"]
[Date "2023.09.02"]
[Round "9.10"]
[White "Korniichuk, Oleksandra"]
[Black "Pecka, Jan"]
[Result "0-1"]
[WhiteFideId "14155656"]
[BlackFideId "23712520"]
[WhiteElo "1869"]
[BlackElo "2004"]
[PlyCount "0"]
[EventDate "2023.08.26"]

1. e4 {[%clk 01:30:17]} {[%emt 00:00:42]} Nc6 {[%clk 01:30:49]} {[%emt
00:00:11]} 2. d4 {[%clk 01:20:35]} {[%emt 00:10:13]} d5 {[%clk 01:30:33]}
{[%emt 00:00:46]} 3. e5 {[%clk 01:15:25]} {[%emt 00:05:40]} Bf5 {[%clk
01:30:31]} {[%emt 00:00:32]} 4. Be3 {[%clk 01:11:07]} {[%emt 00:04:49]} e6
{[%clk 01:29:16]} {[%emt 00:01:45]} 5. Nd2 {[%clk 01:09:13]} {[%emt 00:02:24]}
Nb4 {[%clk 01:16:38]} {[%emt 00:13:08]} 6. Bb5+ {[%clk 01:07:37]} {[%emt
00:02:05]} c6 {[%clk 01:16:51]} {[%emt 00:00:17]} 7. Ba4 {[%clk 01:08:03]}
{[%emt 00:00:05]} b5 {[%clk 01:16:44]} {[%emt 00:00:37]} 8. a3 {[%clk
01:04:44]} {[%emt 00:03:49]} Na6 {[%clk 01:14:03]} {[%emt 00:03:11]} 9. Bb3
{[%clk 01:03:55]} {[%emt 00:01:18]} c5 {[%clk 01:14:27]} {[%emt 00:00:06]} 10.
c3 {[%clk 01:03:17]} {[%emt 00:01:09]} c4 {[%clk 01:13:04]} {[%emt 00:01:53]}
11. Bc2 {[%clk 01:03:05]} {[%emt 00:00:42]} Ne7 {[%clk 01:10:03]} {[%emt
00:03:31]} 12. Bg5 {[%clk 01:00:54]} {[%emt 00:02:41]} Bxc2 {[%clk 01:08:37]}
{[%emt 00:01:56]} 13. Qxc2 {[%clk 01:01:02]} {[%emt 00:00:22]} Qb6 {[%clk
01:08:21]} {[%emt 00:00:46]} 14. Bxe7 {[%clk 01:00:43]} {[%emt 00:00:50]} Bxe7
{[%clk 01:07:38]} {[%emt 00:01:12]} 15. f4 {[%clk 00:59:57]} {[%emt 00:01:15]}
g6 {[%clk 01:07:38]} {[%emt 00:00:30]} 16. Ngf3 {[%clk 00:59:22]} {[%emt
00:01:05]} Nb8 {[%clk 01:06:40]} {[%emt 00:01:29]} 17. h4 {[%clk 00:50:02]}
{[%emt 00:09:50]} h5 {[%clk 01:05:04]} {[%emt 00:02:06]} 18. Ng5 {[%clk
00:49:53]} {[%emt 00:00:38]} Nc6 {[%clk 01:05:09]} {[%emt 00:00:25]} 19. Nxe6
{[%clk 00:38:48]} {[%emt 00:11:36]} fxe6 {[%clk 01:04:07]} {[%emt 00:01:32]} 20.
Qxg6+ {[%clk 00:37:05]} {[%emt 00:02:13]} Kd7 {[%clk 01:04:26]} {[%emt
00:00:11]} 21. f5 {[%clk 00:37:12]} {[%emt 00:00:24]} exf5 {[%clk 00:56:34]}
{[%emt 00:08:22]} 22. Qxf5+ {[%clk 00:36:19]} {[%emt 00:01:22]} Kc7 {[%clk
00:56:34]} {[%emt 00:00:30]} 23. Qe6 {[%clk 00:34:28]} {[%emt 00:02:21]} Rad8
{[%clk 00:55:41]} {[%emt 00:01:23]} 24. O-O {[%clk 00:32:33]} {[%emt 00:02:25]}
Rd7 {[%clk 00:54:56]} {[%emt 00:01:15]} 25. Rf7 {[%clk 00:32:35]} {[%emt
00:00:28]} Nd8 {[%clk 00:54:20]} {[%emt 00:01:06]} 26. Qxb6+ {[%clk 00:28:26]}
{[%emt 00:04:39]} axb6 {[%clk 00:52:10]} {[%emt 00:02:40]} 27. Rf5 {[%clk
00:25:10]} {[%emt 00:03:46]} Bxh4 {[%clk 00:51:26]} {[%emt 00:01:13]} 28. Raf1
{[%clk 00:24:50]} {[%emt 00:00:50]} Ne6 {[%clk 00:48:26]} {[%emt 00:03:31]} 29.
Nf3 {[%clk 00:19:04]} {[%emt 00:06:16]} Be7 {[%clk 00:46:23]} {[%emt 00:02:32]}
30. Ne1 {[%clk 00:17:52]} {[%emt 00:01:43]} h4 {[%clk 00:42:41]} {[%emt
00:04:12]} 31. Kh2 {[%clk 00:14:29]} {[%emt 00:03:53]} Rf8 {[%clk 00:39:36]}
{[%emt 00:03:35]} 32. Nc2 {[%clk 00:14:11]} {[%emt 00:00:48]} Rdd8 {[%clk
00:37:55]} {[%emt 00:02:11]} 33. Ne3 {[%clk 00:14:08]} {[%emt 00:00:32]} Kc6
{[%clk 00:38:02]} {[%emt 00:00:22]} 34. Nc2 {[%clk 00:13:15]} {[%emt 00:01:24]}
Rxf5 {[%clk 00:37:52]} {[%emt 00:00:41]} 35. Rxf5 {[%clk 00:13:40]} {[%emt
00:00:05]} Rf8 {[%clk 00:37:46]} {[%emt 00:00:36]} 36. Rh5 {[%clk 00:14:07]}
{[%emt 00:00:03]} Rf2 {[%clk 00:36:50]} {[%emt 00:01:26]} 37. Nb4+ {[%clk
00:13:02]} {[%emt 00:01:35]} Bxb4 {[%clk 00:36:35]} {[%emt 00:00:43]} 38. axb4
{[%clk 00:13:27]} {[%emt 00:00:06]} Rxg2+ {[%clk 00:36:05]} {[%emt 00:01:00]}
39. Kh1 {[%clk 00:13:14]} {[%emt 00:00:43]} Rg6 {[%clk 00:33:37]} {[%emt
00:02:58]} 40. Rxh4 {[%clk 00:12:58]} {[%emt 00:00:16]} Kd7 {[%clk 00:32:51]}
{[%emt 00:01:17]} 41. Rh7+ {[%clk 00:13:40]} {[%emt 00:00:17]} Ng7 {[%clk
00:33:18]} {[%emt 00:00:03]} 42. Rh8 {[%clk 00:14:04]} {[%emt 00:00:06]} Nf5
{[%clk 00:31:53]} {[%emt 00:01:55]} 43. Rh7+ {[%clk 00:14:17]} {[%emt
00:00:17]} Kc6 {[%clk 00:31:27]} {[%emt 00:00:57]} 44. Rf7 {[%clk 00:14:38]}
{[%emt 00:00:09]} Ne3 {[%clk 00:31:16]} {[%emt 00:00:41]} 45. Kh2 {[%clk
00:14:42]} {[%emt 00:00:26]} Nd1 {[%clk 00:28:42]} {[%emt 00:03:04]} 46. Kh3
{[%clk 00:14:54]} {[%emt 00:00:18]} Nxb2 {[%clk 00:29:07]} {[%emt 00:00:05]} 47.
Kh4 {[%clk 00:15:18]} {[%emt 00:00:05]} Nd1 {[%clk 00:25:39]} {[%emt 00:03:59]}
48. Rf3 {[%clk 00:15:33]} {[%emt 00:00:15]} Kd7 {[%clk 00:24:39]} {[%emt
00:01:30]} 49. Kh5 {[%clk 00:15:59]} {[%emt 00:00:04]} Rg2 {[%clk 00:24:35]}
{[%emt 00:00:34]} 50. Rf7+ {[%clk 00:16:22]} {[%emt 00:00:06]} Ke8 {[%clk
00:24:46]} {[%emt 00:00:18]} 51. Rb7 {[%clk 00:16:27]} {[%emt 00:00:27]} Nxc3
{[%clk 00:25:03]} {[%emt 00:00:13]} 52. Rxb6 {[%clk 00:16:54]} {[%emt
00:00:03]} Ne4 {[%clk 00:23:51]} {[%emt 00:01:42]} 53. Rxb5 {[%clk 00:16:23]}
{[%emt 00:01:01]} c3 {[%clk 00:24:11]} {[%emt 00:00:10]} 54. Rb6 {[%clk
00:16:28]} {[%emt 00:00:25]} Kd7 {[%clk 00:23:34]} {[%emt 00:01:06]} 55. b5
{[%clk 00:16:56]} {[%emt 00:00:02]} Rg1 {[%clk 00:22:14]} {[%emt 00:01:49]} 56.
Rc6 {[%clk 00:15:51]} {[%emt 00:01:36]} Rb1 {[%clk 00:22:01]} {[%emt 00:00:43]}
57. e6+ {[%clk 00:16:12]} {[%emt 00:00:09]} Ke7 {[%clk 00:21:15]} {[%emt
00:01:16]} 58. b6 {[%clk 00:16:38]} {[%emt 00:00:04]} c2 {[%clk 00:18:57]}
{[%emt 00:02:48]} 59. Rxc2 {[%clk 00:15:00]} {[%emt 00:02:09]} Rxb6 {[%clk
00:19:11]} {[%emt 00:00:17]} 60. Kg4 {[%clk 00:15:10]} {[%emt 00:00:18]} Rxe6
{[%clk 00:18:48]} {[%emt 00:00:53]} 61. Ra2 {[%clk 00:11:29]} {[%emt 00:04:12]}
Nd6 {[%clk 00:17:19]} {[%emt 00:01:59]} 62. Kg5 {[%clk 00:10:53]} {[%emt
00:01:06]} Re4 {[%clk 00:17:41]} {[%emt 00:00:07]} 63. Ra7+ {[%clk 00:10:33]}
{[%emt 00:00:50]} Ke6 {[%clk 00:18:05]} {[%emt 00:00:07]} 64. Ra4 {[%clk
00:10:58]} {[%emt 00:00:05]} Kd7 {[%clk 00:15:37]} {[%emt 00:02:58]} 65. Kf6
{[%clk 00:10:23]} {[%emt 00:01:05]} Kc6 {[%clk 00:15:45]} {[%emt 00:00:21]} 66.
Ra6+ {[%clk 00:10:44]} {[%emt 00:00:10]} Kc7 {[%clk 00:16:12]} {[%emt
00:00:03]} 67. Ra4 {[%clk 00:11:09]} {[%emt 00:00:06]} Kb6 {[%clk 00:16:29]}
{[%emt 00:00:12]} 68. Rb4+ {[%clk 00:11:30]} {[%emt 00:00:09]} Kc6 {[%clk
00:16:07]} {[%emt 00:00:50]} 69. Ra4 {[%clk 00:11:28]} {[%emt 00:00:32]} Kb5
{[%clk 00:16:23]} {[%emt 00:00:15]} 70. Ra1 {[%clk 00:11:34]} {[%emt 00:00:25]}
Kc4 {[%clk 00:16:42]} {[%emt 00:00:11]} 71. Ra6 {[%clk 00:11:37]} {[%emt
00:00:27]} Nb5 {[%clk 00:16:49]} {[%emt 00:00:23]} 72. Ra4+ {[%clk 00:11:29]}
{[%emt 00:00:38]} Kd3 {[%clk 00:17:10]} {[%emt 00:00:07]} 73. Rb4 {[%clk
00:11:57]} {[%emt 00:00:04]} Nxd4 {[%clk 00:17:28]} {[%emt 00:00:11]} 74. Kg5
{[%clk 00:12:02]} {[%emt 00:00:26]} Nf3+ {[%clk 00:17:53]} {[%emt 00:00:05]}
0-1

[Event "POHÁR města Říčany 2023"]
[Site "Městské kulturní středisko U labutě"]
[Date "2023.09.02"]
[Round "9.11"]
[White "Novotny, David"]
[Black "Blazek, Miroslav"]
[Result "1/2-1/2"]
[WhiteFideId "374083"]
[BlackFideId "335215"]
[WhiteElo "1985"]
[BlackElo "1849"]
[PlyCount "0"]
[EventDate "2023.08.26"]

1. e4 {[%clk 01:30:56]} {[%emt 00:00:04]} e6 {[%clk 01:30:54]} {[%emt
00:00:07]} 2. d4 {[%clk 01:31:22]} {[%emt 00:00:04]} d5 {[%clk 01:31:18]}
{[%emt 00:00:05]} 3. e5 {[%clk 01:31:29]} {[%emt 00:00:22]} c5 {[%clk
01:31:34]} {[%emt 00:00:14]} 4. c3 {[%clk 01:31:48]} {[%emt 00:00:11]} Nc6
{[%clk 01:31:54]} {[%emt 00:00:11]} 5. Nf3 {[%clk 01:32:10]} {[%emt 00:00:08]}
Qb6 {[%clk 01:32:09]} {[%emt 00:00:16]} 6. Bd3 {[%clk 01:32:33]} {[%emt
00:00:07]} cxd4 {[%clk 01:32:26]} {[%emt 00:00:13]} 7. O-O {[%clk 01:32:48]}
{[%emt 00:00:15]} Nge7 {[%clk 01:27:39]} {[%emt 00:05:16]} 8. Re1 {[%clk
01:30:32]} {[%emt 00:02:45]} Nf5 {[%clk 01:17:13]} {[%emt 00:10:57]} 9. Bxf5
{[%clk 01:14:04]} {[%emt 00:16:58]} exf5 {[%clk 01:13:24]} {[%emt 00:04:19]} 10.
Nxd4 {[%clk 01:07:43]} {[%emt 00:06:51]} Nxd4 {[%clk 01:12:58]} {[%emt
00:00:56]} 11. cxd4 {[%clk 01:05:47]} {[%emt 00:02:26]} Be7 {[%clk 01:12:19]}
{[%emt 00:01:09]} 12. Nc3 {[%clk 01:05:39]} {[%emt 00:00:38]} Be6 {[%clk
01:12:00]} {[%emt 00:00:49]} 13. Qa4+ {[%clk 01:03:18]} {[%emt 00:02:52]} Bd7
{[%clk 01:11:00]} {[%emt 00:01:30]} 14. Qc2 {[%clk 00:50:49]} {[%emt 00:12:59]}
Be6 {[%clk 01:11:06]} {[%emt 00:00:24]} 15. Be3 {[%clk 00:47:37]} {[%emt
00:03:42]} O-O {[%clk 01:11:06]} {[%emt 00:00:30]} 1/2-1/2

[Event "POHÁR města Říčany 2023"]
[Site "Městské kulturní středisko U labutě"]
[Date "2023.09.02"]
[Round "9.13"]
[White "Svadlenka, Dominik"]
[Black "Benes, Jachym"]
[Result "1/2-1/2"]
[WhiteElo "1515"]
[BlackElo "1914"]
[WhiteFideId "23716258"]
[BlackFideId "23710870"]
[PlyCount "0"]
[EventDate "2023.08.26"]

1. d4 Nf6 2. c4 c6 3. Nc3 d5 4. Nf3 dxc4 5. a4 e6 6. Bg5 Nbd7 7. e4 Qa5 8. Qc2
b5 9. Bd2 Bb4 10. Be2 O-O 11. O-O Qb6 12. e5 Ne8 13. axb5 Bxc3 14. bxc3 cxb5
15. Rfb1 Bb7 16. Ng5 g6 17. Bxc4 Qc6 18. Be2 Nc7 19. Nf3 a6 20. Qb3 Rfb8 21. c4
bxc4 22. Qxc4 Nb5 23. Qb3 Qe4 24. Qe3 Qxe3 25. fxe3 Be4 26. Rb2 Nb6 27. Rba2 Nd5
28. Ng5 Bf5 29. Bxb5 Rxb5 30. e4 h6 31. exf5 hxg5 32. fxg6 fxg6 33. Rxa6 Rxa6
34. Rxa6 Rb1+ 35. Kf2 Rb2 36. Ke1 Kf7 37. Ra7+ Kg8 38. g3 g4 39. Ra3 Rb1+
40. Kf2 Rb2 41. Ke2 Rb1 42. Ra8+ Kg7 43. Ra7+ Kg8 44. Bh6 Rb2+ 45. Kd3 Rxh2
46. Rg7+ Kh8 47. Rxg6 Kh7 48. Rxe6 Rxh6 49. Rxh6+ Kxh6 50. Ke4 Nc3+ 51. Kf5 Kg7
52. Kxg4 Kf7 53. Kf5 Ne2 54. e6+ Ke8 55. g4 Nxd4+ 56. Kf6 Nc6 57. g5 Kf8 58. g6
Ne7 59. g7+ Ke8 60. Kg5 Ng8 61. Kg6 Ke7 62. Kf5 Nf6 63. Ke5 1/2-1/2

[Event "POHÁR města Říčany 2023"]
[Site "Městské kulturní středisko U labutě"]
[Date "2023.09.02"]
[Round "9.14"]
[White "Petr, Jakub"]
[Black "Dudarec, Elias"]
[Result "1-0"]
[WhiteElo "2238"]
[BlackElo "1380"]
[WhiteFideId "371718"]
[BlackFideId "23714930"]
[PlyCount "0"]
[EventDate "2023.08.26"]

1. d4 Nf6 2. c4 g6 3. Nc3 d5 4. cxd5 Nxd5 5. e4 Nxc3 6. bxc3 Bg7 7. Bc4 c5
8. Ne2 Nc6 9. Be3 cxd4 10. cxd4 O-O 11. O-O e6 12. Rc1 Bd7 13. Qd2 Qa5 14. Qc2
Rac8 15. Qb1 Qb4 16. d5 Qxb1 17. Rxb1 Na5 18. dxe6 fxe6 19. Bd3 b6 20. Rfc1
Rxc1+ 21. Rxc1 Rc8 22. Rxc8+ Bxc8 23. Nd4 Kf7 24. h4 Bxd4 25. Bxd4 Nc6 26. Bc3
Ke7 27. f4 Kd6 28. h5 e5 29. f5 gxf5 30. exf5 Ke7 31. g4 Kf6 32. Bd2 Nd4 33. g5+
Kf7 34. Bc4+ Kf8 35. Bb4+ Ke8 36. g6 hxg6 37. h6 Nf3+ 38. Kf1 Ng5 39. fxg6 Bf5
40. g7 Bh7 41. g8=Q+ Bxg8 42. Bxg8 1-0

[Event "POHÁR města Říčany 2023"]
[Site "Městské kulturní středisko U labutě"]
[Date "2023.09.02"]
[Round "9.15"]
[White "Siles, Jan"]
[Black "Pressler, Tobias"]
[Result "0-1"]
[WhiteElo "1869"]
[BlackElo "1912"]
[WhiteFideId "23715405"]
[BlackFideId "23715359"]
[PlyCount "0"]
[EventDate "2023.08.26"]

1. d4 b6 2. Bg5 h6 3. Bh4 Bb7 4. e3 g6 5. f4 Bg7 6. Nf3 d6 7. Nbd2 Nd7 8. Bd3
Ngf6 9. O-O c5 10. e4 Ng4 11. Nc4 Qc7 12. h3 Ngf6 13. e5 Nd5 14. Qe1 dxe5
15. fxe5 Nf8 16. Nd6+ Kd7 17. Nxf7 Rg8 18. e6+ Kc8 19. Bb5 cxd4 20. Bg3 Qc5
21. Bd3 Ne3 22. N3e5 Nxe6 23. Nxg6 Bf6 24. c3 Ng5 25. Nxg5 Qxg5 26. h4 Qd5
27. Nf4 Qd6 28. cxd4 Nxg2 29. Bf5+ Kd8 30. Ne6+ Ke8 31. Kh2 Nxe1 32. Bxd6 Nf3+
33. Rxf3 Bxf3 34. Nc7+ Kf8 35. Bg3 Rd8 36. Ne6+ Kf7 37. Nxd8+ Rxd8 38. Rf1 Be2
39. Rf2 Bb5 40. Be5 Bxh4 41. Rf3 Bf6 42. Kh3 Bc4 43. b3 Be6 44. Kg4 Rg8+ 45. Kf4
Rg2 46. Bxf6 Kxf6 47. Bxe6 Kxe6 48. a4 h5 49. Re3+ Kf7 50. Re5 Rg4+ 51. Ke3 0-1

[Event "POHÁR města Říčany 2023"]
[Site "Městské kulturní středisko U labutě"]
[Date "2023.09.02"]
[Round "9.16"]
[White "Topencik, Bruno"]
[Black "Migalko, Dmitriy"]
[Result "1/2-1/2"]
[WhiteElo "1897"]
[BlackElo "1670"]
[WhiteFideId "23716550"]
[BlackFideId "34147489"]
[PlyCount "0"]
[EventDate "2023.08.26"]

1. e4 c5 2. Be2 Nc6 3. f4 d5 4. e5 e6 5. d3 f6 6. Nf3 Qc7 7. exf6 Nxf6 8. O-O
Bd7 9. c4 O-O-O 10. a3 Bd6 11. g3 e5 12. fxe5 Nxe5 13. Nxe5 Bxe5 14. Bf4 dxc4
15. d4 Bxf4 16. Rxf4 Bc6 17. Nd2 Nd5 18. Rf2 c3 19. bxc3 Nxc3 20. Bg4+ Kb8
21. Qb3 cxd4 22. Rf7 Qe5 23. Bf3 Bxf3 24. Nxf3 Qd5 25. Qxd5 Rxd5 26. Re1 d3
27. Ree7 Rb5 28. Rd7 Ne2+ 29. Kg2 Nc1 30. Ne5 Rb3 31. Nc4 Rc8 32. Nd6 Rg8
33. Nxb7 Rxa3 1/2-1/2

[Event "POHÁR města Říčany 2023"]
[Site "Městské kulturní středisko U labutě"]
[Date "2023.09.02"]
[Round "9.17"]
[White "Sedlak, Milan"]
[Black "Voracek, Zdenek"]
[Result "1-0"]
[WhiteElo "1785"]
[BlackElo "1882"]
[WhiteFideId "23746149"]
[BlackFideId "331880"]
[PlyCount "0"]
[EventDate "2023.08.26"]

1. Nf3 Nf6 2. g3 c5 3. c4 Nc6 4. Bg2 d5 5. cxd5 Nxd5 6. Nc3 Nc7 7. O-O e6 8. d3
Be7 9. Bf4 f6 10. Rc1 e5 11. Bd2 Rb8 12. Ne4 b6 13. Ne1 Bb7 14. h4 O-O 15. Kh2
Kh8 16. f4 f5 17. Ng5 h6 18. Rh1 hxg5 19. hxg5 Qe8 20. Nf3 g6 21. Bc3 Bd6 22. d4
exd4 23. Nxd4 cxd4 24. Bxd4+ Nxd4 25. Qxd4+ Be5 26. fxe5 Ne6 27. Qh4+ Kg7
28. Qh6+ Kf7 29. Qh7+ Ng7 30. Rc7+ Ke6 31. Qxg7 Be4 32. Rd1 Rd8 33. Rxd8 Qxd8
34. Bxe4 fxe4 35. Rc6+ Kf5 36. Rf6+ Rxf6 37. Qxf6+ 1-0

[Event "POHÁR města Říčany 2023"]
[Site "Městské kulturní středisko U labutě"]
[Date "2023.09.02"]
[Round "9.18"]
[White "Kopecky, Jiri"]
[Black "Stufka, Karel"]
[Result "0-1"]
[WhiteElo "1910"]
[BlackElo "1730"]
[WhiteFideId "317152"]
[BlackFideId "303127"]
[PlyCount "0"]
[EventDate "2023.08.26"]

1. e4 e5 2. Nc3 Nc6 3. f4 d6 4. Nf3 Nf6 5. Bc4 Be7 6. O-O O-O 7. a3 Be6 8. Bxe6
fxe6 9. fxe5 Nxe5 10. Nxe5 dxe5 11. d3 Qd4+ 12. Kh1 Ng4 13. Qe2 Rxf1+ 14. Qxf1
Rf8 15. Qe2 Nf2+ 16. Kg1 Nh3+ 0-1

[Event "POHÁR města Říčany 2023"]
[Site "Městské kulturní středisko U labutě"]
[Date "2023.09.02"]
[Round "9.19"]
[White "Horyna, Josef"]
[Black "Skala, Jaromir"]
[Result "1/2-1/2"]
[WhiteElo "1689"]
[BlackElo "1895"]
[WhiteFideId "316369"]
[BlackFideId "325805"]
[PlyCount "0"]
[EventDate "2023.08.26"]

1. d4 Nf6 2. Nf3 g6 3. g3 Bg7 4. Bg2 O-O 5. O-O d6 6. c3 Nbd7 7. Nbd2 c6 8. e4
e5 9. dxe5 dxe5 10. Qc2 Qc7 11. Nb3 Re8 12. h3 Nf8 13. Rd1 b6 14. Bg5 h6
15. Bxf6 Bxf6 16. Rd2 Be6 17. Rad1 Rad8 18. Rxd8 Rxd8 19. Rxd8 Qxd8 1/2-1/2

[Event "POHÁR města Říčany 2023"]
[Site "Městské kulturní středisko U labutě"]
[Date "2023.09.02"]
[Round "9.20"]
[White "Salac, Jiri"]
[Black "Pavlicek, Petr"]
[Result "1/2-1/2"]
[WhiteElo "1885"]
[BlackElo "1688"]
[WhiteFideId "303992"]
[BlackFideId "325163"]
[PlyCount "0"]
[EventDate "2023.08.26"]

1. d4 d5 2. Bf4 Nf6 3. e3 e6 4. Nd2 c5 5. c3 b6 6. Bd3 Bb7 7. Ngf3 Be7 8. Qb1
Nbd7 9. h3 h6 10. O-O O-O 11. b4 c4 12. Bc2 b5 13. a4 a6 14. Ne5 Nxe5 15. Bxe5
Nd7 16. Bh2 Bc6 17. e4 dxe4 18. Bxe4 Bxe4 19. Nxe4 Nb6 20. a5 Nd5 21. Qc2 Qd7
22. Rad1 Qc6 23. Rfe1 Rae8 24. Nc5 Bd6 25. Bxd6 Qxd6 26. Rd2 g6 27. Rde2 Kg7
28. g3 Rg8 29. Re4 Re7 30. Qd2 Rge8 31. f4 Rg8 32. Kf2 Kh7 33. Re5 Qc6 34. Ke2
Nf6 35. Kd1 Qf3+ 36. Kc2 Qxg3 37. Nxa6 Nh5 38. R5e4 Rd8 39. Nc5 Nf6 40. Re5 Nd5
1/2-1/2

[Event "POHÁR města Říčany 2023"]
[Site "Městské kulturní středisko U labutě"]
[Date "2023.09.02"]
[Round "9.21"]
[White "Mydlar, Matej"]
[Black "Maslo, Ondrej"]
[Result "0-1"]
[WhiteElo "1668"]
[BlackElo "1848"]
[WhiteFideId "23735074"]
[BlackFideId "368440"]
[PlyCount "0"]
[EventDate "2023.08.26"]

1. e4 c5 2. Nf3 Nc6 3. d4 cxd4 4. Nxd4 Nf6 5. Nc3 g6 6. Bc4 Bg7 7. Be3 O-O
8. f3 Qb6 9. Bb3 Nxe4 10. Nd5 Qa5+ 11. c3 e6 12. fxe4 exd5 13. Bxd5 Qa6 14. Qe2
Qxe2+ 15. Kxe2 Nxd4+ 16. Bxd4 d6 17. Kd3 Be6 18. b3 Bxd5 19. exd5 Rfe8 20. Rae1
f5 21. Re6 Be5 22. Re1 Rxe6 23. dxe6 Bxh2 24. Kc4 h5 25. Kd5 Re8 26. Bxa7 Kf8
27. Bf2 Bf4 28. c4 Ke7 29. Bb6 Ra8 30. a4 g5 31. c5 Rc8 32. b4 h4 33. Re2 Bg3
34. Rc2 dxc5 35. bxc5 g4 36. Rb2 h3 37. gxh3 gxh3 38. Ba5 h2 39. Rb1 Ke8 40. Bb4
Bf2 41. Rh1 Bg1 42. Kd6 f4 43. Ba5 f3 44. Be1 Bxc5+ 45. Ke5 Bg1 46. Ke4 Rc1
47. Bg3 f2 48. Bxf2 Ra1 49. Kf3 Ra3+ 50. Kg2 Ra1 51. Rxg1 hxg1=Q+ 52. Bxg1 Ke7
53. Bb6 Rxa4 0-1

[Event "POHÁR města Říčany 2023"]
[Site "Městské kulturní středisko U labutě"]
[Date "2023.09.02"]
[Round "9.22"]
[White "Vavrinec, Tomas"]
[Black "Svadlenka, Michal"]
[Result "1/2-1/2"]
[WhiteElo "1847"]
[BlackElo "1556"]
[WhiteFideId "318353"]
[BlackFideId "23717068"]
[PlyCount "0"]
[EventDate "2023.08.26"]

1. Nf3 d5 2. c4 c6 3. g3 Nf6 4. Bg2 Bf5 5. O-O Nbd7 6. d4 e6 7. Nc3 Ne4 8. Nh4
Nxc3 9. bxc3 Bg4 10. cxd5 exd5 11. Qd3 Nf6 12. Re1 Be7 13. Nf5 Bxf5 14. Qxf5 O-O
15. Bf4 Re8 16. Reb1 b6 17. Bf3 h6 18. Qd3 Bd6 19. Bc1 Qe7 20. a4 Ne4 21. c4
Rac8 22. Be3 dxc4 23. Qxc4 c5 24. d5 Rb8 25. a5 Nf6 26. axb6 Rxb6 27. Rxb6 axb6
28. Ra6 Rb8 29. Qa2 b5 30. Ra7 Qd8 31. Bc1 b4 32. Bb2 Nd7 33. e4 Ne5 34. Bh5 Qg5
35. Be2 Qd2 36. Qa6 Qxb2 37. Qxd6 Qb1+ 38. Bf1 Re8 39. Qxc5 Nf3+ 40. Kg2 Qxe4
41. Qc4 Ne1+ 42. Kg1 Nf3+ 43. Kg2 1/2-1/2

[Event "POHÁR města Říčany 2023"]
[Site "Městské kulturní středisko U labutě"]
[Date "2023.09.02"]
[Round "9.23"]
[White "Langmaier, Michal"]
[Black "Strnadova, Monika"]
[Result "1/2-1/2"]
[WhiteElo "1662"]
[BlackElo "1833"]
[WhiteFideId "23727705"]
[BlackFideId "23701668"]
[PlyCount "0"]
[EventDate "2023.08.26"]

1. d4 Nf6 2. c4 e5 3. dxe5 Ng4 4. Nf3 Bc5 5. e3 Nc6 6. Nc3 O-O 7. Be2 Re8
8. O-O Ngxe5 9. b3 d6 10. Bb2 Nxf3+ 11. Bxf3 Ne5 12. Nd5 a5 13. Rc1 c6 14. Nf4
Bf5 15. Be2 Qg5 16. Qd2 Bg4 17. Bxg4 Nxg4 18. Bd4 Nf6 1/2-1/2

[Event "POHÁR města Říčany 2023"]
[Site "Městské kulturní středisko U labutě"]
[Date "2023.09.02"]
[Round "9.24"]
[White "Kovar, Jan"]
[Black "Stufka, Martin"]
[Result "1-0"]
[WhiteElo "1810"]
[BlackElo "1258"]
[WhiteFideId "354015"]
[BlackFideId "23748800"]
[PlyCount "0"]
[EventDate "2023.08.26"]

1. e4 c6 2. Nc3 d5 3. Nf3 dxe4 4. Nxe4 Nd7 5. Bc4 Ngf6 6. Qe2 Nxe4 7. Qxe4 Nf6
8. Ne5 e6 9. Qe2 Bd6 10. d4 O-O 11. O-O b5 12. Bd3 Bb7 13. Bg5 h6 14. Bxf6 Qxf6
15. Nd7 Qxd4 16. Nxf8 Rxf8 17. Qe4 Qxe4 18. Bxe4 f5 19. Bf3 g5 20. Rad1 Bb8
21. Rd2 g4 22. Be2 Bc8 23. Rfd1 Bc7 24. c4 b4 25. c5 Kf7 26. Bc4 a5 27. Bb3 Ke7
28. Ba4 Rd8 29. Bxc6 Rxd2 30. Rxd2 h5 31. g3 Be5 32. Bb5 Bc7 33. Kf1 Be5 34. f4
Bc7 35. Ke2 Bb8 36. Kd1 Bc7 37. Kc2 Bb8 38. Kb3 Bc7 39. Rc2 Bb8 40. Ka4 Bc7
41. Rd2 Bd8 42. Rxd8 Kxd8 43. Kxa5 Kc7 44. Kxb4 Bb7 45. Bf1 Bf3 46. Kc3 Kc6
47. b4 Be4 48. Kd4 Bf3 49. b5+ Kc7 50. Bc4 1-0

[Event "POHÁR města Říčany 2023"]
[Site "Městské kulturní středisko U labutě"]
[Date "2023.09.02"]
[Round "9.25"]
[White "Cabela, Filip"]
[Black "Zemen, Pavel"]
[Result "1-0"]
[WhiteElo "1631"]
[BlackElo "1785"]
[WhiteFideId "23753552"]
[BlackFideId "387410"]
[PlyCount "0"]
[EventDate "2023.08.26"]

1. e4 e6 2. d4 d5 3. e5 c5 4. c3 Nc6 5. Nf3 Qb6 6. Bd3 Bd7 7. dxc5 Bxc5 8. O-O
Nge7 9. b4 Nxb4 10. cxb4 Bxb4 11. Bd2 Nc6 12. Nc3 Be7 13. Rb1 Qc7 14. Nb5 Qb8
15. Qe2 O-O 16. Nbd4 Rc8 17. Nxc6 Bxc6 18. Bb4 Bd8 19. Bd6 Bc7 20. Ng5 h6
21. Bh7+ Kh8 22. Nxf7+ Kxh7 23. Qd3+ g6 24. Qh3 h5 25. Qe3 Kg7 26. Qh6+ Kxf7
27. Qh7+ Ke8 28. Qe7# 1-0

[Event "POHÁR města Říčany 2023"]
[Site "Městské kulturní středisko U labutě"]
[Date "2023.09.02"]
[Round "9.26"]
[White "Steiner, Juraj"]
[Black "Meca, Viktor ml."]
[Result "1-0"]
[WhiteElo "1772"]
[BlackElo "1421"]
[WhiteFideId "367516"]
[BlackFideId "23739800"]
[PlyCount "0"]
[EventDate "2023.08.26"]

1. d4 d5 2. c4 c6 3. cxd5 cxd5 4. Nc3 Nf6 5. Bf4 e6 6. e3 a6 7. Bd3 Bd6 8. Bg3
O-O 9. Nf3 Bxg3 10. hxg3 Nc6 11. g4 g6 12. g5 Nd7 13. Ke2 f6 14. Rh6 f5 15. Qh1
Rf7 16. Qh4 Nf8 17. Qf4 Qb6 18. Rb1 Bd7 19. Ne5 Nxe5 20. Qxe5 Rc8 21. Rhh1 Be8
22. Kd2 Nd7 23. Qg3 Qa5 24. b4 Qd8 25. Rhc1 Nb6 26. b5 axb5 27. Bxb5 Bxb5
28. Rxb5 Nc4+ 29. Ke2 Rfc7 30. Na4 Nd6 31. Rxc7 Qxc7 32. Rc5 Qd8 33. Qe5 Kf7
34. Rxc8 Nxc8 35. Nc5 b6 36. Nb7 Qe8 1-0